Obchod za bodem obratu. 2

Výrazné zmeny v teritoriálnej štruktúre dovozu ČR od r. 1989. Podiel jednotlivých krajín na štruktúre dovozu tovaru a odlišnosti štruktúry tovaru v jednotlivých triedach SITC.

Guardado en:
Detalles Bibliográficos
Autor principal: Straka, M.
Formato: Capítulo de libro
Lenguaje:checo
Materias:
Etiquetas: Agregar Etiqueta
Sin Etiquetas, Sea el primero en etiquetar este registro!

MARC

LEADER 00000naa a2200000 4500
001 r024155
005 20221205090638.5
041 0 |a cze 
044 |a CZ 
245 1 0 |a Obchod za bodem obratu. 2  |c M. Straka 
520 |a Výrazné zmeny v teritoriálnej štruktúre dovozu ČR od r. 1989. Podiel jednotlivých krajín na štruktúre dovozu tovaru a odlišnosti štruktúry tovaru v jednotlivých triedach SITC. 
610 2 0 |a Česko 
610 2 0 |a štruktúra dovozu 
610 2 0 |a 1989-1994 
610 2 0 |a stroje 
610 2 0 |a suroviny 
610 2 0 |a palivá 
610 2 0 |a dovoz 
100 1 |a Straka, M.